|
|
|
|
| LEADER |
00000nab a2200000 a 4500 |
| 001 |
vtls001003845 |
| 003 |
SK-MaSNL |
| 005 |
20260319073954.0 |
| 008 |
040720e19960000xo 0 slo |
| 035 |
|
|
|a RV4445
|
| 040 |
|
|
|a RVGKPD
|b slo
|c RVGKPD
|e AACR2
|
| 041 |
0 |
|
|a slo
|
| 044 |
|
|
|a xo
|c SK
|
| 080 |
|
|
|a 894.511(437.6)-1
|2 1981
|
| 100 |
1 |
|
|a Dénes, György,
|d 1923-2007
|4 aut
|9 106980
|
| 245 |
1 |
0 |
|a Gyerünk iskolába
|c György Dénes
|
| 600 |
1 |
7 |
|a Dénes, György,
|d 1923-2007
|2 RVGKPD
|9 106980
|
| 650 |
0 |
7 |
|a maďarská literatúra
|2 RVGKPD
|9 1193
|
| 651 |
|
7 |
|a Plešivec (Slovensko)
|2 RVGKPD
|9 29311
|
| 773 |
0 |
|
|t Vasárnap
|g Roč. 29, č.36 (1996), s. 10
|
| 852 |
|
|
|a ZVYKNI
|b KIS3GCP
|
| 999 |
|
|
|c 1684635
|d 1686565
|